Czego kobiety zazdroszczą innym kobietą? - Statystyki

Ogólne statystyki
  • Ten quiz został rozwiązany 171 razy
    153 od ostatniego zresetowania
  • Średni wynik to 3 z 7
Statystyki odpowiedzi
Odpowiedź % Poprawnych
Urody | Wyglądu
88%
Pieniędzy
81%
Mieszkania | Domu
49%
Partnera
36%
Dzieci
35%
Ciuchów
15%
Wykształcenia
11%
Nie znaleziono quizów pasujących do podanych kryteriów
Rozkład punktacji
Procent ludzi z każdym wynikiem
Percentyl według liczby udzielonych odpowiedzi
Twoja historia wyników
Nie rozwiązałeś tego quizu od ostatniego zresetowania